Statistiche per Campioni del mondo 1982

Clicka qui per fare il quiz!

Statistiche generali

  • Questo quiz è stato fatto 34 volte
  • Il punteggio medio è 11 su 23

Statistiche sulle risposte

HintRisposta% Corretto
#1Dino Zoff
96%
#20Paolo Rossi
88%
#7Gaetano Scirea
81%
#16Bruno Conti
73%
#3Giuseppe (Beppe) Bergomi
69%
#14Marco Tardelli
69%
#2Franchino (Franco) Baresi
62%
CTEnzo Bearzot
58%
#19Francesco (Ciccio) Graziani
58%
#4Antonio Cabrini
54%
#18Alessandro Altobelli
50%
#6Claudio Gentile
50%
#15Franco Causio
46%
#5Fulvio Collovati
42%
#13Gabriele (Lele) Oriali
35%
#9Giancarlo Antognoni
23%
#21Franco Selvaggi
19%
#8Pietro Vierchowod
19%
#17Daniele Massaro
15%
#22Giovanni Galli
15%
#10Giuseppe (Beppe) Dossena
12%
#12Ivano Bordon
12%
#11Gianpiero Marini
8%

Distribuzione punteggi

Percentile per numero di risposta

Percentuale di utenti per punteggio

I tuoi punteggi nel tempo

Non hai fatto questo quiz